Регионална библиотека "Любен Каравелов" - Русе

Подправките като храна и лекарство (Запис номер 128824)

MARC детайли
000 -Лидер
Контролно поле с фиксирана дължина 02199nam a2200397 c 4500
003 - Код на организацията, давaща контролен номер
Контролно поле BLK
005 - Дата и час на последна редакция
Контролно поле 20180420232203.0
008 - Елементи от данни с фиксирана дължина
fixed length control field 180409b bul|||||r ||||||| ||bul||
010 ## - Наследен системен номер
LC control number KNG00134555000
040 ## - Източник на каталожния запис
Идентификатор на билиотеката - собственик на записа BLK
041 ## - Код за език
Код за езика на текст/звукозапис или на отделно заглавие Български
Код за езика КДБФ Български
080 ## - УДК
Текстов определител УДК Етеричномаслени растения. Ароматни, оцветителни, дъбилни, лекарствени растения
УДК код - определител по УДК 633.8
УДК определител (035)
УДК - код + определител 633.8(035)
080 ## - УДК
Текстов определител УДК Ароматни треви и подправки - Мента, риган, магданоз, копър, мащерка, босилек и др.
УДК код - определител по УДК 635.7
УДК определител (035)
УДК - код + определител 635.7(035)
080 ## - УДК
Текстов определител УДК Хранителни продукти. Приготвяне на храната
УДК код - определител по УДК 641
УДК определител (035)
УДК - код + определител 641(035)
100 1# - Редна дума - Автор
Автор Боева, Ана Николова
Авторска отговорност първи автор
R(LIN) 321397
139 ## - Редно поле
Редна дума Боева, Ана Николова и др.
Авторски знак Бого - Б 55
245 10 - Сведения за заглавието
Заглавие Подправките като храна и лекарство
Подзаглавни данни Ръководство
Редно поле (дума) Ана Николова Боева; съавт. Лиляна Нонинска; съавт. Маргарита Цанова; * Лиляна Александрова Дряновска-Нонинска.
257 ## - Страна на издаване
Страна на създаване/издаване България
260 ## - Област на издателските данни
-- София
Име на издателя, разпространителя и проч. Медицина и физкултура
Година на издаване 1984
300 ## - Физическа характеристика
Страници 151 с.
Илюстрации и др. с табл., ил., 4 л. цв. ил.
Размери/Мащаб 20 см
380 ## - Жанр
Жанр Селско стопанство
500 ## - Общи забележки
Забележка Втората авт. е известна като Лиляна Дряновска-Нонинска. - 50 105 тир.
650 #4 - Допълнително описание по предмет – тема
Основно описание – тема или топоним Подправки
9 (RLIN) 166633
650 #4 - Допълнително описание по предмет – тема
Основно описание – тема или топоним Ястия - рецепти
9 (RLIN) 241857
653 ## - Ключова дума – ненормативна
Ключова дума подправки
653 ## - Ключова дума – ненормативна
Ключова дума лекарства
653 ## - Ключова дума – ненормативна
Ключова дума ръководства
700 1# - Други автори (авторска отговорност)
Лично име Нонинска, Лиляна
Автороска отговорност (Описва отношението между автора и произведението) съавт.
Друга информация Дряновска-Нонинска, Лиляна
9 (RLIN) 321398
700 1# - Други автори (авторска отговорност)
Лично име Цанова, Маргарита
Автороска отговорност (Описва отношението между автора и произведението) съавт.
9 (RLIN) 321399
700 1# - Други автори (авторска отговорност)
Лично име Дряновска-Нонинска, Лиляна Александрова
Автороска отговорност (Описва отношението между автора и произведението) *
9 (RLIN) 321401
852 ## - Местоположение
Форматна сигнатура Цб 126331
856 4# - Електронен адрес и достъп
Електронен формат pdf - файл
Път до файла /url/
856 4# - Електронен адрес и достъп
Електронен формат pdf - файл
Път до файла /url/
942 ## - АРТИКУЛИ
Вид на библиотечния материал Книги
Скрит в OPAC Не
944 ## - СЪЗДАВАНЕ И РЕДАКЦИЯ на ЗАПИСА
Създаване/Редакция Създаване
Дата на регистрацията/редакция 06.10.2012
Статус, дата на статуса 06.10.2012 - от С1,Р / 06.10.2012
Служител, извършил регистрацията/редакцията Геновева_Генчева
944 ## - СЪЗДАВАНЕ И РЕДАКЦИЯ на ЗАПИСА
Създаване/Редакция Редакция
Дата на регистрацията/редакция 06.10.2012
Статус, дата на статуса 06.10.2012 - от С1,Р / 06.10.2012
Служител, извършил регистрацията/редакцията
999 ## - СИСТЕМНИ КОНТРОЛНИ НОМЕРА
Koha biblionumber 128824
Koha biblioitemnumber 128824
Наличности
Код за отписване Код за изгубен артикул Източник на класификационната схема Код за повреда Коз за рестрикции Код за отдаване Артикулен № Име на библиотеката - собственик Име на библиотеката, в която се намира в момента Статус (Текущо местоположение) Дата на вписване в системата Местоположение - отдел Цена в лева Инвентарен номер Систематично азбучна сигнатура Баркод Номер на екземпляра Цена в евро Служебна бележка Служебен тип на артикула
  Не е изгубен Universal Decimal Classification Не е повреден без рестрикции ползва се в читалня 209317 Регионална библиотека "Любен Каравелов" Русе Регионална библиотека "Любен Каравелов" Русе Хранилище 1984-01-01 Хранилище 1.10 404396 Цб 126331 120000404396 1 0.56 N: стар фонд Дата: 01.01.1984 Книги
Изтеглен Не е изгубен Universal Decimal Classification Не е повреден без рестрикции заемане за дома 209318 Регионална библиотека "Любен Каравелов" Русе Регионална библиотека "Любен Каравелов" Русе Заемна - подръчен фонд 1984-01-01 Заемна - подръчен фонд 1.10 404587 П 633.8/Б 55 404587 2 0.56 N: стар фонд Дата: 01.01.1984 Книги
Изтеглен Не е изгубен Universal Decimal Classification Не е повреден без рестрикции заемане за дома 209319 Регионална библиотека "Любен Каравелов" Русе Регионална библиотека "Любен Каравелов" Русе Заемна - подръчен фонд 1984-01-01 Заемна - подръчен фонд 1.10 404589 П 633.8/Б 55 404589 3 0.56 N: стар фонд Дата: 01.01.1984 Книги
Изтеглен Не е изгубен Universal Decimal Classification Не е повреден без рестрикции заемане за дома 209320 Регионална библиотека "Любен Каравелов" Русе Регионална библиотека "Любен Каравелов" Русе Заемна - подръчен фонд 1984-01-01 Заемна - подръчен фонд 1.10 404590 П 633.8/Б 55 404590 4 0.56 N: стар фонд Дата: 01.01.1984 Книги
Изтеглен Не е изгубен Universal Decimal Classification Не е повреден без рестрикции заемане за дома 209321 Регионална библиотека "Любен Каравелов" Русе Регионална библиотека "Любен Каравелов" Русе Заемна - подръчен фонд 1984-01-01 Заемна - подръчен фонд 1.10 404591 П 633.8/Б 55 404591 5 0.56 N: стар фонд Дата: 01.01.1984 Книги
Изтеглен Не е изгубен Universal Decimal Classification Не е повреден без рестрикции заемане за дома 209322 Регионална библиотека "Любен Каравелов" Русе Регионална библиотека "Любен Каравелов" Русе Заемна - подръчен фонд 1984-01-01 Заемна - подръчен фонд 0.30 634471 П 633.8/Б 55 634471 6 0.15 N: стар фонд Дата: 01.01.1984 Книги
Изтеглен Не е изгубен Universal Decimal Classification Не е повреден без рестрикции заемане за дома 209323 Регионална библиотека "Любен Каравелов" Русе Регионална библиотека "Любен Каравелов" Русе Детски отдел 1984-01-01 Детски отдел 1.10 404742 ДН 633/635 404742 7 0.56 N: стар фонд Дата: 01.01.1984 Дата инв: 19.08.2015 Бележки инв: Д2015 Книги
Изтеглен Не е изгубен Universal Decimal Classification Не е повреден без рестрикции заемане за дома 209324 Регионална библиотека "Любен Каравелов" Русе Регионална библиотека "Любен Каравелов" Русе Детски отдел 1984-01-01 Детски отдел 1.10 404743 ДН 633/635 404743 8 0.56 N: стар фонд Дата: 01.01.1984 Дата инв: 19.08.2015 Бележки инв: Д2015 Книги
Vip Innovations Ltd, Rousse, Bulgaria 2025